|
|
|
|
| LEADER |
00000nam0a2200000 4500 |
| 001 |
164983 |
| 005 |
20231101222525.0 |
| 010 |
|
|
|a 5020031577
|
| 020 |
|
|
|a RU
|b 92-15612
|
| 035 |
|
|
|a (RuTPU)RU\TPU\book\178980
|
| 090 |
|
|
|a 164983
|
| 100 |
|
|
|a 20090911d1992 k a0rusy5003 ca
|
| 101 |
0 |
|
|a rus
|
| 102 |
|
|
|a RU
|
| 105 |
|
|
|a a z 001zy
|
| 200 |
1 |
|
|a Проблемы радиогеохимии и космохимии
|e сборник статей
|f Академия наук СССР (АН СССР), Институт геохимии и аналитической химии (ГЕОХИ) ; под ред. Ю. А. Щуколюкова
|
| 210 |
|
|
|a Москва
|c Наука
|d 1992
|
| 215 |
|
|
|a 320 с., [1] л. портр.
|c ил.
|d 21 см
|
| 300 |
|
|
|a Посвящается 100-летию со дня рождения В. И. Баранова
|
| 320 |
|
|
|a Библиогр. в конце ст.
|
| 600 |
|
1 |
|a Баранов
|b Владимир Ильич
|
| 606 |
1 |
|
|a Космическая геология
|2 stltpush
|3 (RuTPU)RU\TPU\subj\15767
|9 41977
|
| 610 |
1 |
|
|a радиоактивные элементы
|
| 610 |
1 |
|
|a космическая химия
|
| 610 |
1 |
|
|a геохимия
|
| 610 |
1 |
|
|a сборники
|
| 675 |
|
|
|a 550.2
|z rus
|
| 702 |
|
1 |
|a Щуколюков
|b Ю. А.
|f Юрий Александрович
|4 340
|
| 702 |
|
1 |
|a Малышева
|b Т. В.
|4 570
|
| 712 |
0 |
2 |
|a Академия наук СССР (АН СССР)
|b Институт геохимии и аналитической химии (ГЕОХИ)
|c (Москва)
|2 stltpush
|3 (RuTPU)RU\TPU\col\11383
|
| 801 |
|
0 |
|a RU
|b RuMRKP
|c 19960705
|g psbo
|
| 801 |
|
1 |
|a RU
|b 63413507
|c 20090911
|
| 801 |
|
2 |
|a RU
|b 63413507
|c 20230222
|g RCR
|
| 942 |
|
|
|c BK
|